000 00281nam a2200109Ia 4500
001 1261756
005 20260417140358.0
008 260417s9999 xx 000 0 und d
020 _a9786051418483
245 0 _aŞıpsevdi
_cHüseyin Rahmi Gürpınar
260 _bEverest Yayınları
999 _c1261756
_d1261756